|
|
|
|
| LEADER |
00826nam a22002412a 4500 |
| 001 |
001759437 |
| 003 |
CZ BrMZK |
| 005 |
20200922113106.0 |
| 007 |
ta |
| 008 |
200720s1968 xo a er|||||||||||slo d |
| 040 |
|
|
|a OLA001
|b cze
|d ABA100
|d BOA001
|
| 100 |
1 |
|
|a Jančová, Mária,
|d 1908-2003
|7 ola2002150826
|4 aut
|
| 245 |
1 |
0 |
|a O kapsičke, čo nechcela chodiť do školy /
|c Mária Jančová ; ilustrovala Olga Pavalová
|
| 250 |
|
|
|a 2. vyd.
|
| 260 |
|
|
|a Bratislava :
|b Mladé letá,
|c 1968
|
| 300 |
|
|
|a 44 s. :
|b il. ;
|c 4°
|
| 490 |
1 |
|
|a Poslušné písmenká
|
| 700 |
1 |
|
|a Pavalová, Olga,
|d 1930-1998
|7 jn20000401942
|4 ill
|
| 830 |
|
0 |
|a Poslušné písmenká
|
| 910 |
|
|
|a BOA001
|b 3-0530.501-68
|
| 990 |
|
|
|a BK
|
| 991 |
|
|
|b 202007
|
| 996 |
7 |
|
|b 2618891583
|c 3-0530.501-68
|l MZK
|r Sklad / do 1 hodiny
|n 0
|w 001814387
|u 000010
|a 1
|e BOA001
|j MZK50
|s A
|